书目信息 |
| 题名: |
怎样测定运动员的训练水平
|
|
| 作者: | 奥利克 著 ;卢先吾 , 陆绍中 译校 | |
| 分册: | ||
| 出版信息: | 北京 人民体育出版社 1981 |
|
| 页数: | 86页 | |
| 开本: | 19cm | |
| 丛书名: | ||
| 单 册: | ||
| 中图分类: | G819.2 | |
| 科图分类: | ||
| 主题词: | 训练效果-体育--测定 , 体育事业--世界 , 体育-训练效果--测定 | |
| 电子资源: | ||
| ISBN: | ||
| 000 | 00862nam0 2200277 45 | |
| 001 | 0181009193 | |
| 005 | 20060817104336.92 | |
| 010 | @dCNY0.25 | |
| 091 | @aCN@b7015.1885 | |
| 100 | @a19950629d1981 emky0chiy0121 ea | |
| 101 | 1 | @achi@crus |
| 102 | @aCN@b110000 | |
| 105 | @ay 000yy | |
| 200 | 10 | @a怎样测定运动员的训练水平@Azen yang ce ding yun dong yuan de xun lian shui ping@f(苏)依·弗·奥利克著@F(su)yi·fu·ao li ke zhu@g卢先吾,陆绍中译校 |
| 210 | @a北京@c人民体育出版社@d1981 | |
| 215 | @a86页@d19cm | |
| 606 | @a训练效果-体育@x测定 | |
| 606 | 0 | @a体育事业@x世界 |
| 606 | @a体育-训练效果@x测定 | |
| 690 | @aG819.2@v3 | |
| 701 | 1 | @a奥利克@Aao li ke@bИ.Ф.@4著 |
| 702 | 0 | @a卢先吾@Alu xian wu@4译校 |
| 702 | 0 | @a陆绍中@Alu shao zhong@4译校 |
| 801 | 0 | @aCN@bTSSF@c20060817 |
| 801 | 2 | @aCN@bNLC@c20060516 |
| 905 | @a10447@dG819.2@e2 | |
| 怎样测定运动员的训练水平/(苏)依·弗·奥利克著/卢先吾,陆绍中译校.-北京:人民体育出版社,1981 |
| 86页;19cm |
| ISBN :CNY0.25 |
| ● |
| 相关链接 |
|
|
|
|
正题名:怎样测定运动员的训练水平
索取号:G819.2/2
 
预约/预借
| 序号 | 登录号 | 条形码 | 馆藏地/架位号 | 状态 | 备注 |
| 1 | 0055599 | 202354166 | 密集书库/ [索取号:G819.2/2] | 在馆 | |
| 2 | 0465326 | 204653268 | 密集书库/ [索取号:G819.2/2] | 在馆 |